Normal view
MARC view
Entry Personal Name
001 - CONTROL NUMBER
- control field: 9400
003 - CONTROL NUMBER IDENTIFIER
- control field: ARRUPE
005 - DATE AND TIME OF LATEST TRANSACTION
- control field: 20140326113258.0
008 - FIXED-LENGTH DATA ELEMENTS
- fixed length control field: 140326|| aca||aabn | a|a d
040 ## - CATALOGING SOURCE
- Original cataloging agency: ARRUPE
- Transcribing agency: ARRUPE
100 ## - HEADING--PERSONAL NAME
- Personal name: Forster, Edward Morgar
670 ## - SOURCE DATA FOUND
- Source citation: Work cat.: (ARRUPE): MacAulay, Rose 9399, The Writings of E.M. Forster, 1970